000
00271nam a2200109Ia 4500
008
190216s9999||||xx |||||||||||||| ||und||
100
_a
Vidyarthi Mithram
245
0
_a
Vidyarthi Mithram Statistical Tables
260
_b
Vidyarthimithram
650
_a
Economics
942
_c
BK
999
_c
9541
_d
9541